000 00209 a2200097 4500
001 45569
100 _aSafire, W
245 _aTake my world for it
260 _aLondon
_bTimes books
_c
090 _c28731
_d28731
942 _aNUST-CAE
_cM
_c20815
999 _c280642
_d280642